000 01087nam a22002777a 4500
003 dpl
005 20180703163107.0
008 180703b xxu||||| |||| 00| 0 eng d
010 _aB-071524
020 _c150.00
_a8186704779
035 _aB-071524, B-071528
037 _bCen Lib/Ret
040 _aDPL
_bHN
_c0
082 _a
_bलोमश
100 _aलोमश, सुकुल
_958655
245 _aरैदास और आखिरी चिट्ठी /
_cसुकुल लोमश
246 _aRaidas aur akhiri chitthee /
_bby Sukul Lomash
260 _aदिल्ली
_bसमय प्रकाशन
_c2001
270 _bदिल्ली
_a13-बी, संचार लोक अपार्टमेंट, पटपड़जंग डिपो
_e110092
300 _a175पृ.
_c21सेमी (सजिल्द)
650 _aहिन्दी साहित्य
_958656
650 _aउपन्यास
_958657
650 _aHindi literature
_958658
650 _aFiction
_98901
942 _2ddc
_cHN
_h
_mलोमश
999 _c114847
_d114847